000 00353pab a2200169 454500
008 180718b2012 xxu||||| |||| 00| 0 eng d
100 _aEnsemble, Cybermohalla
245 _aEleven streets
260 _c2012
300 _ap.37-39.
362 _aAug
650 _aStreets
650 _aRoads
773 _aSeminar
908 _aN
909 _a97258
999 _c97258
_d97258